| 000 | 00701nam a22002051 4500 | ||
|---|---|---|---|
| 001 | 114406 | ||
| 003 | ES-MaACL | ||
| 007 | t| | ||
| 008 | 070227s1940 cu ||||0| spa d | ||
| 016 | 7 | _zIND9200542440 | |
| 040 |
_aM-BN _bspa _cA2 |
||
| 245 | 0 | 4 |
_aLos maestros de la cultura cubana _b: Ciclo de conferencias... celebrado del 6 de Julio al 9 de Agosto de 1940. |
| 260 |
_aLa Habana : _b[s.n], _c1940 ( _fImp. P. Fernández y Cia) |
||
| 300 |
_a143 p. ; _c21 cm. |
||
| 490 | 1 | _aPublicaciones del Ateneo de La Habana | |
| 710 | 2 |
_aAteneo de La Habana (Cuba) _91868 |
|
| 830 | 0 |
_aPublicaciones del Ateneo de La Habana _9229082 |
|
| 852 |
_aES-MaACL _jB-9852 _bR.19362 |
||
| 999 |
_c114406 _d114406 |
||